00345nam a22001217a 4500003000400000005001700004008004100021040000800062100002200070245008000092260003700172300001400209OSt20250624201459.0250624b |||||||| |||| 00| 0 eng d cDLC aRepublic of Ghana aCustoms, Excise and Preventive Service bManagement Law, 1993 P.N.D.C.L 330 aAccra ;bAssembly Press ;cc1993 a125 pages